000 01285cam a2200313Ma 4500
001 cocacolasupersta00steirich
003 CaSfIA
005 20210117224546.0
007 cr||||
008 900209s1988 nyu 000 0 eng d
010 _a 88023585
040 _aAU@
_beng
_cAU@
_dCaSfIA
020 _a0812059980
020 _a9780812059984
035 _a(OCoLC)224410795
041 0 _aeng
_aita
100 1 _aSteinbach Palazzini, Fiora.
245 1 0 _aCoca-Cola superstar /
_h[electronic resource]
_cFiora Steinbach Palazzini.
260 _aNew York :
_bBarron's,
_c1988.
300 _a142p.
610 2 0 _aCoca-Cola Company.
650 0 _aSoft drink industry
_xHistory.
856 4 1 _uhttp://www.archive.org/details/cocacolasupersta00steirich
_zFree eBook from the Internet Archive
856 4 2 _uhttp://www.openlibrary.org/books/OL2046467M
_zAdditional information and access via Open Library
029 0 _aAU@
_b000027563961
942 _cEB
506 _fНеобхідна авторизація на https://archive.org/ (створення облікового запису безкоштовно)
506 _fНеобхідна авторизація на https://openlibrary.org/ (створення облікового запису безкоштовно)
999 _c481905
_d481905